Господарсько-правове забезпечення діяльності державних вищих навчальних закладів (Запис № 461168)

МАРК-запис
000 -Лідер
fixed length control field 03729nam a22002657a 4500
001 - Контрольний номер
control field 216219141
003 - Ідентифікатор контрольного номера
control field UA-OsUOA
005 - Дата та час останнього входження (трансакції)
control field 20210118135318.0
008 - Елементи даних фіксованої довжини – загальна інформація
fixed length control field 200830b un ||||| m||| 00| 0 ukr d
040 ## - Джерело каталогізації
Агенція оригінальної каталогізації UA-OsUOA
Мова каталогізації ukr
Агенція, яка здійснювала перезапис UA-OsUOA
Агенція, яка здійснювала модифікацію UA-OsUOA
041 ## - Код мови
Код мови тексту/ звукової доріжки чи окремого заголовка (П) ukr
080 ## - Індекс Універсальної десяткової класифікації
Індекс Універсальної десяткової класифікації (УДК) (НП) 346.14:378.1
090 ## - Локальний шифр розміщення
Класифікаційний індекс УДК 346.14:378.1
095 ## - Код спеціальності для авторефератів
Код спеціальності 12.00.01
Назва спеціальності господарське право; господарсько-процесуальне право
100 ## - Основне введення – ім’я особи
Ім’я особи (НП) Гурак Л. В.
245 ## - Відомості про назву
Назва (НП) Господарсько-правове забезпечення діяльності державних вищих навчальних закладів
Дані про відповідальність (НП) Гурак Любов Василівна ; наук. керівник Бойчук Роман Петрович
260 ## - Публікація, розповсюдження і т.п. (Вихідні дані)
Місце публікації, розповсюдження і т.п. (П) Харків
Дата публікації, розповсюдження і т.п. (П) 2012
300 ## - Фізичний опис
Обсяг 20 с.
502 ## - Примітка про дисертацію
Зв'язок Автореферат дисертації на здобуття наукового ступеня кандидата юридичних наук<br/>
Наймення інституції, що представляється Національний університет "Юридична академія України імені Ярослава Мудрого"
Рік отримання вченого ступеня 2012
520 ## - Резюме і т.п.
Резюме, реферат, анотація, тощо (НП) Дисертація присвячена комплексному дослідженню господарсько-правову забезпеченню діяльності державних вищих навчальних закладів. У роботі розкрито особливості господарсько-правового регулювання діяльності державних вищих навчальних закладів, включаючи компетенцію і господарську правосуб'єктність, майнову основу господарювання, договірне забезпечення, господарсько-правові засади регулювання та управління господарською діяльністю. Розглядається компетенція і господарська правосуб'єктність державних вищих навчальних закладів з урахуванням ГК України, Закону України "Про вищу освіту", інших законодавчих актів та запропоновані зміни до чинного законодавства України. Обґрунтована доцільність закріплення майна державних вищих навчальних закладів на єдиному правовому титулі — праві оперативного управління. Удосконалено правове регулювання господарсько-правової відповідальності державних вищих навчальних закладів. Досліджується сутність регулювання та управління господарською діяльністю державних вищих навчальних закладів. Надається загальна характеристика договорів, які опосередковують господарську діяльність державних вищих навчальних закладів. Окрема увага приділяється договору про професійну підготовку за державним замовленням.
650 ## - Додаткове предметне введення – тематичний термін
Джерело заголовка чи терміна UDC
Тематичний термін чи географічна назва, як елемент введення (НП) 346 Господарське право
942 ## - Додаткові елементи входу (Коха)
Source of classification or shelving scheme Universal Decimal Classification
Тип елемента Koha Автореферат
955 ## - Код типу видання за змістом
Код типу видання за змістом (НП) Наукові видання

Немає доступних примірників.